000 01068nam0a2200337 4500
001 RU\NLR\BIBL_A\011481367
005 20260405132802.0
010 _a9785170942725
_97500
021 _aRU
_b2017-65357
_94628
035 _a(RuMoRGB)009378830
035 _a(NLR Aleph) 011481367
090 _a11901372
_c11901372
100 _a20170929d2017 u y0rusy50 ca
101 0 _arus
102 _aRU
105 _ay|||zzzz000ay
200 1 _aАйфонгелие
_e[роман]
_fZотов
210 _aМосква
_cАСТ
_cЖанры
_d2017
215 _a317, [1] с.
_d21
225 1 _aНевероятный Zотов
300 _aНа обл. От номинанта "Большой книги"
333 _a18+
675 _a821.161.1
686 _aШ5(2=Р)64-644.5
_2rubbk
686 2 _aШ6(2=Р)8-445
700 1 _8rus
_7ca
_aЗотов
_bГ. А.
_f1971-
_gГеоргий Александрович
_3RU\NLR\AUTH\7753550
_936482
942 _cBOOK
980 _aNBR